Wills, administration and taxation law and practice / (Record no. 3972)
[ view plain ]
| 000 -LEADER | |
|---|---|
| fixed length control field | 00923cam a22002652 4500 |
| 001 - CONTROL NUMBER | |
| control field | 0000019548 |
| 005 - DATE AND TIME OF LATEST TRANSACTION | |
| control field | 20151217145917.0 |
| 008 - FIXED-LENGTH DATA ELEMENTS--GENERAL INFORMATION | |
| fixed length control field | 110107s xx 000 0 eng d |
| 020 ## - INTERNATIONAL STANDARD BOOK NUMBER | |
| International Standard Book Number | 1847034564 : |
| 040 ## - CATALOGING SOURCE | |
| Original cataloging agency | KABU |
| Transcribing agency | KABU |
| 100 1# - MAIN ENTRY--PERSONAL NAME | |
| Personal name | Barlow, J. S. |
| -- | 0000179309 |
| 245 10 - TITLE STATEMENT | |
| Title | Wills, administration and taxation law and practice / |
| Statement of responsibility, etc. | J. S. Barlow, L. C. King, A. G. King. |
| 250 ## - EDITION STATEMENT | |
| Edition statement | 9th ed. |
| 260 ## - PUBLICATION, DISTRIBUTION, ETC. (IMPRINT) | |
| Place of publication, distribution, etc. | London : |
| Name of publisher, distributor, etc. | Sweet & Maxwell, |
| Date of publication, distribution, etc. | 2008. |
| 300 ## - PHYSICAL DESCRIPTION | |
| Extent | xxxviii, 545 p. |
| 650 #0 - SUBJECT ADDED ENTRY--TOPICAL TERM | |
| Topical term or geographic name as entry element | Wills |
| Geographic subdivision | England. |
| -- | 0000179310 |
| 650 #0 - SUBJECT ADDED ENTRY--TOPICAL TERM | |
| Topical term or geographic name as entry element | Excutors and administration |
| Geographic subdivision | England. |
| -- | 0000179311 |
| 650 #0 - SUBJECT ADDED ENTRY--TOPICAL TERM | |
| Topical term or geographic name as entry element | Probate law & practice. |
| -- | 0000179312 |
| 650 #0 - SUBJECT ADDED ENTRY--TOPICAL TERM | |
| Topical term or geographic name as entry element | Inheritance and transfer tax |
| General subdivision | Law and legislation |
| Geographic subdivision | England. |
| -- | 0000179313 |
| 700 1# - ADDED ENTRY--PERSONAL NAME | |
| Personal name | King, L. C. |
| -- | 0000179314 |
| 700 1# - ADDED ENTRY--PERSONAL NAME | |
| Personal name | King, A. G. |
| -- | 0000179315 |
| 852 1# - LOCATION | |
| -- | p4940 KES |
| 908 ## - PUT COMMAND PARAMETER (RLIN) | |
| Put command parameter | 110107 |
| 950 ## - LOCAL HOLDINGS (RLIN) | |
| -- | 1 |
| Withdrawn status | Lost status | Source of classification or shelving scheme | Not for loan | Home library | Current library | Date acquired | Total Checkouts | Total Renewals | Full call number | Barcode | Date last seen | Date last checked out | Price effective from | Koha item type |
|---|---|---|---|---|---|---|---|---|---|---|---|---|---|---|
| Library of Congress Classification | Kabarak, Main Campus | Kabarak, Main Campus | 17/12/2015 | 3 | 1 | KD1509 .B37 2008 c. 1 | 23160 | 09/11/2022 | 02/11/2022 | 17/12/2015 | General Collection |